000 00673nam a22002171c 4500
001 9781601270405-nbs
008 161028s2009 gw |||| 000u eng d
020 _a9781601270405
_9978-1-60127-040-5
041 _aeng
100 1 _aAdamishin, Anatoly
245 0 0 _aHuman Rights, Perestroika, and the End of the Cold War /
_cAdamishin, Anatoly/Schifter, Richard
264 _aWashington, D.C. :
_bUnited States Institute of Peace Press,
_c2009
300 _a356 S. ; 229 x 152 mm
650 0 _aKalter Krieg
650 0 _aPerestroika
651 0 _aRussland
700 1 _aSchifter, Richard
_eVerfasserIn
942 _cMG
040 _cRU-10907106
003 RU-10907106
999 _c40268
_d40268